LDR 01544naa#a2200193#i#450# 001 RU\\bibl\121723 005 20260501175039.5 011 ## _a1998-8990 100 ## _a20260423b2026####ek#y0rusy0150####ca 102 ## _aRU 200 1# _aСОВЕРШЕНСТВОВАНИЕ МЕТОДИКИ ПРИМЕНЕНИЯ ГРУППЫ БЕСПИЛОТНЫХ ВОЗДУШНЫХ СУДОВ ДЛЯ ИНФОРМАЦИОННОГО ОБЕСПЕЧЕНИЯ ТУШЕНИЯ ПОЖАРОВ И ПРОВЕДЕНИЯ АВАРИЙНО-СПАСАТЕЛЬНЫХ РАБОТ _eЖурнальная статья 210 1# _aСанкт-Петербург _cСанкт-Петербургский университет Государственной противопожарной службы Министерства Российской Федерации по делам гражданской обороны, чрезвычайным ситуациям и ликвидации последствий стихийных бедствий имени Героя Российской Федерации генерала армии Е.Н. Зиничева _d2026 215 ## _a14 с. 608 ## _aЖурнальная статья _2local 675 ## _aНесчастные случаи, их опасность, профилактика и борьба с ними. 614.8 _z 700 #1 _aВытовтов _gАлексей Владимирович 700 #1 _aКоролев _gДенис Сергеевич 700 #1 _aИльина _gНадежда Владимировна 856 4# _ajournals.igps.ru _u